000 00386pab a2200145 454500
008 180718b1983 xxu||||| |||| 00| 0 eng d
100 _aCoulter, Philip B
245 _aInferring the distributional effects of bureaucratic decision rules
260 _c1983
300 _a347-55
362 _aDec.
650 _aMunicipal Services
773 _aPolicy Studies Journal
909 _a13964
999 _c13964
_d13964